00988cam a22003135a 45000010008000000030009000080050017000170080041000340200015000750400038000900820021001281000036001492450032001852460025002172500021002422640037002633000023003003360026003233370028003493380027003776500035004046500025004396510010004646530027004746550024005019420012005259990017005379520120005541718236EG-ScBUE20220223094117.0720323r19801971enk f 000 1 eng d a0586037683 aDLCbengerdacDLCdDLCdEG-ScBUE04a823.914222bUST1 aUstinov, Peter,eauthor.92501910aKrumnagel /cPeter Ustinov.34aKrumnagel :ba novel aReprint edition. 1aLondon :bA Panther Book,c1980. a272 pages ;c23 cm 2rdacontentatextbtxt 2rdamediaaunmediatedbn 2rdacarrieravolumebnc 7aPolicevFiction.2BUEsh911139 7aLawvFiction.2BUEsh 2BUEsh bHHUUEENNcNovember2017 vReading book934232 2ddccBB c25677d25649 00102ddc4070aMAINbMAINc2NDd2017-11-27ePurchaseo823.914 USTp000042573r2025-07-15 00:00:00w2017-11-27yBB